000 00466nam a2200193Ia 4500
008 170918s9999 xx 000 0 und d
020 _a9780399226168
050 _bR234 1995
100 _aRathmann, Peggy
245 _aOfficer Buckle and Gloria /
245 _cPeggy Rathmann.
260 _aNew York :
260 _bG. P. Putnam's Sons,
260 _c1995
300 _aunpaged :
300 _bcolored illustration ;
300 _c29cm.
500 _a510
999 _c341702
_d341702